[Event "CZE-chT 9899"]
[Site "CZE"]
[Date "1998.??.??"]
[Round "4"]
[White "Jirovsky, Milos"]
[Black "Pastircak, Milan"]
[Result "1-0"]
[WhiteElo "2435"]
[BlackElo "2365"]

1.Nf3 Nf6 2.c4 c6 3.d4 d5 4.Qb3 dxc4 5.Qxc4 g6 6.g3 Bg7 7.Bg2 O-O 8.O-O Na6
9.Nc3 Be6 10.Qa4 c5 11.Rd1 Qb6 12.d5 Bd7 13.Qh4 Nc7 14.Ne5 Rad8 15.d6 exd6
16.Nc4 Qb4 17.a3 Qb3 18.Na5 Qe6 19.Nxb7 Rb8 20.Rxd6 Qg4 21.Qxg4 Bxg4 22.Nxc5 Nb5
23.Nxb5 Rxb5 24.Na4 Rfb8 25.Bc6 Re5 26.Be3  1-0

[Event "Moravia-chT 9798"]
[Site "CZE"]
[Date "1998.??.??"]
[Round "11.2"]
[White "Tibensky, Robert"]
[Black "Belunek, Vladimir"]
[Result "0-1"]
[WhiteElo "2435"]
[BlackElo "2240"]

1.Nf3 d5 2.d4 Nf6 3.c4 c6 4.Qc2 e6 5.Bg5 h6 6.Bxf6 Qxf6 7.e3 Bb4+ 8.Nc3 O-O
9.a3 Ba5 10.Rd1 Nd7 11.b4 Bb6 12.Be2 Qe7 13.O-O Nf6 14.Rfe1 Bd7 15.Bf1 a5
16.c5 axb4 17.axb4 Bc7 18.Ra1 e5 19.Rxa8 Rxa8 20.dxe5 Ng4 21.g3 Bxe5 22.Nxe5 Nxe5
23.Bg2 d4 24.Ne4 dxe3 25.fxe3 Bf5 26.Rf1 Bg6 27.Qc3 h5 28.Nf2 Ra2 29.e4 f6
30.Rd1 Bf7 31.Rd2 Ra8 32.Bf1 Be6 33.Be2 g6 34.Kg2 Kg7 35.h3 Rd8 36.Rxd8 Qxd8
37.Nd3 Nxd3 38.Bxd3 Qd7 39.h4 Bh3+ 40.Kf2 Bg4  0-1

[Event "POL-ch sf"]
[Site "Czestochowa"]
[Date "1998.??.??"]
[Round "7"]
[White "Socko, Bartosz"]
[Black "Kaszowski, Dariusz"]
[Result "1-0"]
[WhiteElo "2475"]
[BlackElo "2295"]

1.d4 d5 2.c4 c6 3.Nf3 Nf6 4.Qc2 dxc4 5.Qxc4 Bf5 6.g3 e6 7.Bg2 Be7 8.O-O Nbd7
9.e3 O-O 10.Nc3 Ne4 11.Nd2 Nxd2 12.Bxd2 e5 13.e4 exd4 14.exf5 dxc3 15.Qxc3 Bf6
16.Qc2 Ne5 17.Bb4 Re8 18.Rfd1 Qb6 19.Bc5 Qc7 20.h3 Rad8 21.f4 Rxd1+ 22.Rxd1 Nd7
23.Bf2 Nb6 24.b4 Rd8 25.Re1 Qd7 26.Qe4 h6 27.g4 Bc3 28.Re2 Qd1+ 29.Bf1 Bd4
30.Bxd4 Qxd4+ 31.Qxd4 Rxd4 32.Re8+ Kh7 33.Re7 Rd7 34.Re4 Nd5 35.a3 Re7 36.Re5 f6
37.Rxe7 Nxe7 38.Bc4 Nc8 39.Kf2 Nd6 40.Bb3 b6 41.Ke3 h5 42.Kd3 hxg4 43.hxg4 Nc8
44.Kd4 Ne7 45.Bf7 Kh8 46.Ke4 Kh7 47.Kd4 Kh8 48.a4 Kh7 49.Ke4 Kh6 50.Ke3 Kh7
51.Kd4 Kh6 52.Ke4 Kh7 53.b5 Kh6 54.Be8 c5 55.Bf7 Kh7 56.g5 Kh8 57.g6 Ng8
58.Kd5 Nh6 59.Kc6 c4 60.Kb7 c3 61.Bb3 Nxf5 62.Kxa7 Nd4 63.Bd1 c2 64.Bxc2 Nxc2
65.Kxb6 Ne3 66.Kc5 Nf5 67.b6  1-0

[Event "Sparkasse op"]
[Site "Dortmund"]
[Date "1998.??.??"]
[Round "?"]
[White "Richter, Michael"]
[Black "Cieza Vega, Arcadio"]
[Result "1-0"]
[WhiteElo "2360"]
[BlackElo "2450"]

1.d4 c6 2.c4 d5 3.Nf3 Nf6 4.Qc2 e6 5.Nbd2 Nbd7 6.e4 dxe4 7.Nxe4 Nxe4 8.Qxe4 Bb4+
9.Bd2 Bxd2+ 10.Nxd2 Nf6 11.Qe5 O-O 12.Be2 Qb6 13.O-O-O Nd7 14.Qd6 Qa5 15.a3 Nf6
16.f4 Rd8 17.Qe5 b5 18.Bf3 Qb6 19.c5 Qb7 20.Ne4 Nxe4 21.Bxe4 Bd7 22.Rd3 f6
23.Qh5 f5 24.Bf3 b4 25.Qh4 Be8 26.Qf2 a5 27.a4 Bf7 28.Rhd1 b3 29.Qe3 Rab8
30.R1d2 Qa6 31.Rc3 Rb4 32.Be2 Qb7 33.Bc4 Rxc4 34.Rxc4 e5 35.Rc3 e4 36.Qh3 g6
37.Qh4 Re8 38.g4 Qb4 39.Qf2 Qxa4 40.Kd1 Bc4 41.Qe3 Bd5 42.gxf5 Qb5 43.Ke1 a4
44.fxg6 a3 45.f5 a2 46.Rd1 Qb7 47.Qh6 Qg7 48.gxh7+ Kh8 49.Qxg7+ Kxg7 50.Rh3 Rh8
51.Kd2 Kf6 52.Ke3 Kxf5 53.Rf1+ Ke6 54.Rh6+ Ke7 55.Rg1 Kf8 56.Kf4 Kf7 57.h4 Kf8
58.h5 Ke8 59.Kg5 Kf7 60.Rf6+ Kg7 61.Rd6 Re8 62.Rd7+ Kh8 63.Ra7 e3 64.Kh6 e2
65.Re1 Bc4 66.Kg6 Rf8  1-0

[Event "Sparkasse op"]
[Site "Dortmund"]
[Date "1998.??.??"]
[Round "?"]
[White "Richter, Michael"]
[Black "Keitlinghaus, Ludger"]
[Result "1/2-1/2"]
[WhiteElo "2360"]
[BlackElo "2500"]

1.d4 d5 2.c4 c6 3.Nf3 Nf6 4.Qc2 dxc4 5.Qxc4 Bf5 6.g3 Nbd7 7.Bg2 e6 8.O-O Be7
9.b3 Nb6 10.Qc3 Ne4 11.Qe1 c5 12.Bb2 Bf6 13.e3 O-O 14.Nbd2 Nd5 15.Nxe4 Bxe4
16.Qe2 Bxf3 17.Bxf3 cxd4 18.exd4 Qa5 19.a3 Rad8 20.Rac1 Qb6 21.Qc4 Rd7 22.Rfd1 Rfd8
23.b4 Ne7 24.a4 Nf5 25.a5 Qd6 26.Be4 Nxd4 27.Bxd4 Bxd4 28.Bxb7 Qe7 29.Bf3 e5
30.Re1 g6 31.Kg2 Kg7 32.b5 Qa3 33.Bc6 Rd6 34.a6 Rf6 35.Re2 Bb6 36.Qc3 Qd6
37.Rcc2 Qd4 38.Qe1 Qa4 39.Ra2 Qc4 40.Rac2 Qa4 41.Ra2 Qb3 42.Rab2 Qa3  1/2-1/2

[Event "Dos Hermanas op"]
[Site "Dos Hermanas"]
[Date "1998.??.??"]
[Round "7"]
[White "De la Villa Garcia, Jesus Maria"]
[Black "Hamdouchi, Hichem"]
[Result "1/2-1/2"]
[WhiteElo "2485"]
[BlackElo "2535"]

1.d4 d5 2.c4 c6 3.Nf3 Nf6 4.Qc2 g6 5.Bf4 Bg7 6.e3 O-O 7.Nc3 c5 8.dxc5 Qa5
9.Rc1 Na6 10.cxd5 Nxd5 11.Be5 Bxe5 12.Nxe5 Nab4 13.Qa4 Qxc5 14.Qb5  1/2-1/2

[Event "Centrocoop Sept op-A"]
[Site "Eforie Nord"]
[Date "1998.??.??"]
[Round "?"]
[White "Breahna, Radu"]
[Black "Loginov, Anton"]
[Result "0-1"]
[WhiteElo "2345"]
[BlackElo "2255"]

1.d4 d5 2.c4 c6 3.Nf3 dxc4 4.e3 Be6 5.Nc3 b5 6.a4 b4 7.Ne4 Nf6 8.Nc5 Bd5
9.Bd2 a5 10.Qc2 e6 11.Bxc4 Bxc5 12.Bxd5 Qxd5 13.Qxc5 Qxc5 14.dxc5 Nbd7 15.Nd4 Nxc5
16.Ke2 Rc8 17.Rhc1 Nfd7 18.Rc4 g6 19.Rac1 e5 20.Rxc5 Nxc5 21.Rxc5 exd4 22.Rxa5 Kd7
23.Ra7+ Ke6 24.exd4 Ra8 25.Rc7 Rhc8 26.Rxc8 Rxc8 27.Bxb4 Rb8 28.Bc3 Kd5 29.Kd3 g5
30.a5 f5 31.Ke3 h5 32.Kf3 Re8 33.h4 gxh4 34.a6 Ra8 35.Kf4 Ke6 36.Kg5 Rxa6
37.Kxh4 Ra8 38.Kxh5 Rg8 39.Kh4 Rxg2 40.f3 f4  0-1

[Event "Eger Agria op"]
[Site "Eger Agria"]
[Date "1998.??.??"]
[Round "4"]
[White "Kerek, Csaba"]
[Black "Kopisch, Martin"]
[Result "1/2-1/2"]
[WhiteElo "2380"]
[BlackElo "2200"]

1.d4 d5 2.Nf3 c6 3.c4 Nf6 4.g3 Bg4 5.Bg2 Bxf3 6.Bxf3 e6 7.O-O Be7 8.b3 O-O
9.Nc3 Nbd7 10.Bb2 a6 11.e4 dxe4 12.Nxe4 Qa5 13.Qc2 Ba3 14.Rfe1 Bxb2 15.Qxb2 Nxe4
16.Bxe4 Rad8 17.Rad1 Nf6 18.Bf3 Qc7 19.Qe2 Rd7 20.Qe5 Rfd8 21.Qxc7 Rxc7 22.d5 cxd5
23.cxd5 exd5 24.Bxd5 Rcd7 25.Bf3 Rxd1 26.Bxd1 Re8 27.Be2 Kf8 28.f3 Nd5 29.Kf2 Nc3
30.a4 Nxe2 31.Rxe2 Rc8 32.Re4 Rc2+ 33.Kg1 b6 34.Rb4 Rc6 35.Kf2 Ke7 36.Ke3 Ke6
37.h4 Rc3+ 38.Kf4 Rc6 39.Ke3 Rc3+ 40.Ke4 Rc6 41.g4 Kd7 42.Rd4+ Ke7 43.f4 f6
44.b4 Re6+ 45.Kd3 Rd6 46.a5 bxa5 47.bxa5 Rxd4+ 48.Kxd4 Kd6 49.Ke4 Ke6 50.g5 fxg5
51.fxg5 g6 52.Kd4 Kd6 53.Ke4 Ke6  1/2-1/2

[Event "BL2-W9798"]
[Site "Germany"]
[Date "1998.??.??"]
[Round "?.4"]
[White "Sjodahl, Pontus"]
[Black "Boidman, Yuri"]
[Result "1-0"]
[WhiteElo "2410"]
[BlackElo "2420"]

1.d4 d5 2.c4 c6 3.Nf3 Nf6 4.Qc2 Na6 5.a3 g6 6.cxd5 cxd5 7.Nc3 Bg7 8.Bf4 O-O
9.e3 Bf5 10.Qb3 Qb6 11.Qxb6 axb6 12.Be5 e6 13.Na4 Nd7 14.Bxg7 Kxg7 15.Bb5 Nab8
16.Kd2 Ra5 17.b4 Ra7 18.Ne5 Nxe5 19.dxe5 Nc6 20.Nxb6 Nxe5 21.f3 Rd8 22.Ke2 g5
23.a4 Nc6 24.Bxc6 bxc6 25.Rac1 e5 26.Rxc6 Bd7 27.Nxd7 Rdxd7 28.a5 Rdb7 29.Rb6 Rxb6
30.axb6 Ra2+ 31.Kd3 Ra6 32.e4 Rxb6 33.Rb1 dxe4+ 34.fxe4 Rd6+ 35.Kc4 Rd4+
36.Kc5 Rxe4 37.b5 Re2 38.b6 Rc2+ 39.Kd6 Rd2+ 40.Kxe5 f6+ 41.Ke6 Rd8 42.b7 Rb8
43.g4 h6 44.Rb6 h5 45.h3 f5  1-0

[Event "BL2-W9798"]
[Site "Germany"]
[Date "1998.??.??"]
[Round "?.4"]
[White "Boidman, Yuri"]
[Black "Fleck, Juergen"]
[Result "1-0"]
[WhiteElo "2420"]
[BlackElo "2375"]

1.c4 Nf6 2.Nf3 c6 3.d4 d5 4.Qc2 dxc4 5.e4 b5 6.b3 cxb3 7.axb3 e6 8.Bd2 Qb6
9.Ba5 Qb7 10.Nbd2 Na6 11.Ne5 Bd7 12.Be2 Rc8 13.O-O Be7 14.Qc3 c5 15.Nxd7 Nxd7
16.Qd3 Rb8 17.e5 Nc7 18.Ne4 Nd5 19.Nd6+ Bxd6 20.exd6 O-O 21.Bf3 Rfc8 22.Rfc1 cxd4
23.Qxd4 Rxc1+ 24.Rxc1 Rc8 25.Rc7 Rxc7 26.dxc7 Qc6 27.g3 N7b6 28.Bxb6 axb6
29.Bxd5 Qxc7 30.Bc6 b4 31.Qd7 Qxd7 32.Bxd7 Kf8 33.Kf1 Ke7 34.Bb5 Kd6 35.Ke2 Kc5
36.Be8  1-0

[Event "Oberliga Nord O9798"]
[Site "Germany"]
[Date "1998.??.??"]
[Round "?"]
[White "Dyballa, Markus"]
[Black "Schulz, Volker"]
[Result "1-0"]
[WhiteElo "2310"]
[BlackElo "2275"]

1.d4 d5 2.c4 c6 3.Nf3 dxc4 4.e3 b5 5.a4 Bd7 6.b3 cxb3 7.axb5 cxb5 8.Ne5 Nc6
9.Nxd7 Qxd7 10.Qxb3 e6 11.Bxb5 Bb4+ 12.Nd2 Nge7 13.O-O a5 14.Nc4 Rb8 15.Ne5 Qb7
16.Bxc6+ Nxc6 17.Nxc6 Qxc6 18.Rxa5 O-O 19.Ra4 Bd6 20.Qa2 Ra8 21.Rxa8 Rxa8
22.Qb1 Qc4 23.Bd2 Rb8 24.Qc1 Qa2 25.Bc3 Rc8 26.Qb2 Qd5 27.Rc1 h6 28.h3 Rb8
29.Qc2 Rc8 30.Qd2 Qb3 31.Qb2 Qd5 32.Bd2 Rb8 33.Qc2 Ba3 34.Rb1 Rd8 35.Qb3 Qxb3
36.Rxb3 Bd6 37.Kf1 Ra8 38.Rb2 Ra1+ 39.Ke2 Kh7 40.Kf3 Ra4 41.Rb6 Bc7 42.Rb7 Rc4
43.Ke4 Kg6 44.Kd3 Rc6 45.e4 Bd6 46.g4 Ra6 47.f4 Ra3+ 48.Kc4 Ra4+ 49.Kc3 Ra3+
50.Rb3 Ra6 51.f5+ exf5 52.gxf5+ Kf6 53.Kc4 g5 54.fxg6 Kxg6 55.e5 Ba3 56.Rg3+ Kh5
57.Kb5 Ra8 58.Rf3 Bb2 59.Rf6 Rh8 60.Kc4 Ba3 61.Rxf7 Rc8+ 62.Kd3 Rd8 63.Ke4 Bb2  1-0

[Event "Oberliga Ost B9798"]
[Site "Germany"]
[Date "1998.??.??"]
[Round "?.1"]
[White "Vidoniak, Roman"]
[Black "Bewersdorff, Oliver"]
[Result "1/2-1/2"]
[WhiteElo "2415"]
[BlackElo "2370"]

1.d4 d5 2.c4 c6 3.Nf3 Nf6 4.Nbd2 g6 5.e3 Bg7 6.Be2 O-O 7.O-O Bf5 8.b4 Ne4
9.Bb2 Nd7 10.Nxe4 Bxe4 11.Ng5 Bf5 12.g4 Bh6 13.h4 Bxg5 14.hxg5 Be6 15.e4 f6
16.f4 f5 17.cxd5 cxd5 18.exf5 gxf5 19.Bd3 Nb6 20.Qe2 Bd7 21.gxf5 Bxf5 22.Bxf5 Rxf5
23.Rae1 Rf7 24.f5 Qd7 25.f6 exf6 26.gxf6 Raf8 27.Qe6 Qxe6 28.Rxe6 Nd7 29.Rd6 Rxf6
30.Rfxf6 Nxf6 31.Bc1 Kf7 32.Bf4 Re8 33.Be5 Ng4 34.Rxd5 Nxe5 35.dxe5 Re7 36.Kf2 Ke6
37.Rd8 Kxe5 38.Ke3 h5 39.Rh8 Kf5+ 40.Kf3 Kg5 41.Rg8+ Kh4 42.Rg1 Rc7 43.a3 b6
44.Kf4 Rc4+ 45.Kf5 Rc3 46.a4 Rf3+ 47.Ke5 Rg3 48.Rc1 Rb3 49.b5 Rb4 50.Ra1 Rc4
51.Kd6 Kg3 52.a5 Rc5 53.Ra3+ Kg4 54.Ra4+ Kg5 55.axb6 axb6 56.Rb4 h4 57.Rb3 Kf5
58.Kd7 Rc4 59.Re3 Re4 60.Rc3 Re5 61.Kc6 Re6+ 62.Kb7 Rg6 63.Ka6 Ke5 64.Rc6 Rd6
65.Rc3 Kd4 66.Rc6 Ke5 67.Rc3 Kd5 68.Kb7 Rh6 69.Rc6 Rh7+ 70.Kxb6 h3 71.Rc1 h2
72.Rh1 Kd6 73.Rd1+ Ke6 74.Rh1 Kd7 75.Ka6 Kc8 76.Kb6 Kb8 77.Kc5 Kb7 78.Kd5  1/2-1/2

[Event "BL2-O9798"]
[Site "Germany"]
[Date "1998.??.??"]
[Round "7.3"]
[White "Priehoda, Vitezslav"]
[Black "Rogozenko, Dorin"]
[Result "0-1"]
[WhiteElo "2400"]
[BlackElo "2490"]

1.d4 d5 2.c4 c6 3.Nf3 Nf6 4.Qb3 dxc4 5.Qxc4 Bf5 6.Nc3 e6 7.g3 Nbd7 8.Bg2 Be7
9.O-O O-O 10.a4 a5 11.Nh4 Bc2 12.Na2 Be4 13.Bxe4 Nxe4 14.Qd3 Nef6 15.b3 c5
16.Ba3 cxd4 17.Bxe7 Qxe7 18.Qxd4 Nc5 19.Qb2 Qc7 20.Nc3 Qb6 21.Nb5 Rfd8 22.Nf3 Nfe4
23.Kg2 h6 24.Rac1 f6 25.Rc4 Kh8 26.Nfd4 Na6 27.f3 Nec5 28.Nc3 Rd6  0-1

[Event "BL2-O9798"]
[Site "Germany"]
[Date "1998.??.??"]
[Round "8.3"]
[White "Schwarz, Michael"]
[Black "Schaller, Sven"]
[Result "1/2-1/2"]
[WhiteElo "2400"]
[BlackElo "2315"]

1.Nf3 d5 2.d4 Nf6 3.c4 c6 4.Qc2 e6 5.g3 Be7 6.Bg2 O-O 7.Nbd2 b6 8.O-O Bb7
9.Ne5 Nbd7 10.cxd5 Nxe5 11.dxe5 Nxd5 12.a3 c5 13.Rd1 Qb8 14.Nc4 Rd8 15.e4 Nc7
16.Bf4 Ne8 17.Qa4 Rc8 18.Qd7 Bf8 19.Qd2  1/2-1/2

[Event "BL2-O9798"]
[Site "Germany"]
[Date "1998.??.??"]
[Round "9.7"]
[White "Kaeppel, Roland"]
[Black "Schaeffner, Claus"]
[Result "1/2-1/2"]
[WhiteElo "2140"]
[BlackElo "2200"]

1.d4 d5 2.Nf3 c6 3.c4 Nf6 4.Qc2 e6 5.Bg5 h6 6.Bh4 Nbd7 7.e3 Be7 8.Nc3 O-O
9.Rd1 b6 10.Be2 Bb7 11.O-O dxc4 12.Bxc4 Nd5 13.Bg3 Nb4 14.Qe2 b5 15.Bb3 a5
16.a3 a4 17.Bxe6 fxe6 18.axb4 Bxb4 19.Ne4 Qe7 20.Nh4 Rfd8 21.Ng6 Qf7 22.Qg4 Nb6
23.Bh4 Rd5 24.Ne5 Qf5 25.Nf6+ Kf8 26.Qxf5 exf5 27.Nxd5 cxd5 28.Bg3 Ke7 29.Rc1 Nc4
30.f3 Bd2 31.Rc2 Bxe3+ 32.Bf2 Bg5 33.Re1 Kf8 34.h4 Bd8 35.Nd7+ Kf7 36.Nc5 Bc8
37.Rce2 Bf6 38.h5 b4 39.Bg3 Bxd4+ 40.Bf2 Bf6 41.b3  1/2-1/2

[Event "BL2-O9798"]
[Site "Germany"]
[Date "1998.??.??"]
[Round "9.1"]
[White "Ioseliani, Nana"]
[Black "Khenkin, Igor"]
[Result "1-0"]
[WhiteElo "2520"]
[BlackElo "2550"]

1.d4 d5 2.c4 c6 3.Nf3 Nf6 4.Qc2 dxc4 5.Qxc4 Bf5 6.g3 e6 7.Bg2 Nbd7 8.O-O Nb6
9.Qb3 Qd5 10.Nbd2 Be7 11.a4 Qxb3 12.Nxb3 a5 13.Ne5 Nfd7 14.Nxd7 Kxd7 15.Bd2 Nc4
16.Bc3 Bb4 17.Rfc1 Bxc3 18.Rxc3 Nb6 19.e4 Bg6 20.Rc5 Kc7 21.d5 Nd7 22.Rxa5 e5
23.Rc1 f6 24.f3 Kb6 25.Rxa8 Rxa8 26.a5+ Kc7 27.Bf1 Kd6 28.dxc6 bxc6 29.Bc4 Be8
30.Kf2 Nf8 31.Rd1+ Kc7 32.Ke3 Bd7 33.Rc1 Kd6 34.Ra1 Be6 35.Kd3 Bxc4+ 36.Kxc4 Ke6
37.a6  1-0

[Event "Haarlem AKN op"]
[Site "Haarlem"]
[Date "1998.??.??"]
[Round "5"]
[White "Horvath, Jozsef"]
[Black "Vigus, James"]
[Result "1-0"]
[WhiteElo "2515"]
[BlackElo "2260"]

1.d4 d5 2.c4 c6 3.Nf3 Nf6 4.Qc2 dxc4 5.Qxc4 Bf5 6.Nc3 e6 7.g3 Nbd7 8.Bg2 Be7
9.O-O O-O 10.Re1 Ne4 11.Bf4 Nxc3 12.bxc3 Be4 13.a4 Nb6 14.Qa2 Qd5 15.a5 Nc4
16.Nh4 Bxh4 17.f3 e5 18.fxe4 Qb5 19.Reb1 Qa6 20.Bxe5 Nxe5 21.gxh4 Nc4 22.e5 Rad8
23.Be4 Rd5 24.Bxd5 cxd5 25.Qc2 Qe6 26.Qd3 b6 27.axb6 axb6 28.Rf1 Qh6 29.Qf5 Qe3+
30.Kh1 Nd2 31.Qxf7+ Rxf7 32.Ra8+ Rf8 33.Raxf8+  1-0

[Event "Capablanca mem Masters II"]
[Site "Havana"]
[Date "1998.??.??"]
[Round "10"]
[White "Andonovski, Ljubisa"]
[Black "Delgado Crespo, Mairelys"]
[Result "1-0"]
[WhiteElo "2395"]
[BlackElo "2275"]

1.d4 d5 2.c4 c6 3.Nf3 Nf6 4.Qc2 Nbd7 5.cxd5 cxd5 6.Bf4 e6 7.Nc3 a6 8.e3 Nh5
9.Bd3 Nxf4 10.exf4 g6 11.h4 Nf6 12.O-O Bd6 13.g3 O-O 14.Ne5 Qb6 15.Rad1 Bd7
16.Nxd7 Nxd7 17.h5 Kg7 18.hxg6 hxg6 19.f5 gxf5 20.Bxf5 Qd8 21.Bd3 Qf6 22.Kg2 Rh8
23.Qe2 Rag8 24.Nxd5 exd5 25.Qg4+ Kf8 26.Qxd7 Qe6 27.Qd8+ Kg7 28.Qg5+ Kf8
29.Qd8+ Kg7 30.Qg5+ Kf8 31.Qf5 Rh6 32.Rc1 Qxf5 33.Bxf5 Bb8 34.Bc2 Ba7 35.Bb3 Bxd4
36.Bxd5 Bxb2 37.Rc7 Rf6 38.Rxb7 Bd4 39.f4 Kg7 40.Rc1 Rd8 41.Bb3 Bb6 42.Bxf7 Rd2+
43.Kf3 Rxf7 44.Rxb6 Rxa2 45.Rcb1 Ra3+ 46.Kg4 a5 47.Rb7 a4 48.f5 Rxb7 49.Rxb7+ Kf6
50.Rb6+ Kf7 51.Ra6 Ra1 52.Kg5 a3 53.Ra7+ Ke8 54.Kg6 a2 55.f6  1-0

[Event "Hlohovec op"]
[Site "Hlohovec"]
[Date "1998.??.??"]
[Round "3"]
[White "Priehoda, Vitezslav"]
[Black "Kolesar, Milan"]
[Result "1/2-1/2"]
[WhiteElo "2390"]
[BlackElo "2225"]

1.d4 d5 2.c4 c6 3.Nf3 Nf6 4.Qb3 dxc4 5.Qxc4 Bf5 6.Nc3 e6 7.g3 Nbd7 8.Bg2 Be7
9.O-O O-O 10.Bg5 h6 11.Bxf6 Bxf6 12.e4 Bg4 13.e5 Be7 14.Rad1 Qb6 15.Qe2 Rfd8
16.h3 Bf5 17.Rd2 Qb4 18.Rfd1 Nb6 19.Bf1 Na4 20.Ne4 Rd5 21.Rc1 Qa5 22.a3 Qc7
23.Qe3 Rad8 24.Kg2 a5 25.Bd3 R5d7 26.Rc4 Nb6 27.Rc1 Nd5 28.Qe1 Bh7 29.Rdc2 Qb8
30.Qxa5 b6 31.Qe1 c5 32.Bb5 Ra7 33.Rd2 Qa8 34.dxc5 Nf4+ 35.gxf4 Bxe4 36.Rxd8+ Bxd8
37.c6 Bd5 38.Kg3 Ra5 39.a4 Bc7 40.Qe3 Qd8 41.Kh2 f6 42.Rg1 fxe5 43.Nxe5 Qf6
44.Rg6 Qh4 45.Rg4 Qf6 46.Qd4 Ra8 47.Qe3 Re8 48.Rg6 Qh4 49.Rg4 Qf6 50.Kg1 Re7
51.b4 g5 52.Nd7 Qa1+ 53.Bf1 Bc4 54.Kh2 Qxf1 55.Nxb6 Rg7 56.Nxc4 Qxc4 57.b5 Bxf4+
58.Rxf4 gxf4 59.Qe5 Qf1 60.Qxe6+ Kh8 61.Qe8+ Rg8 62.Qe5+ Kh7 63.Qe7+ Rg7
64.Qe4+  1/2-1/2

[Event "Hockhenheim (rapid)"]
[Site "?"]
[Date "1998.??.??"]
[Round "?"]
[White "Chuchelov, Vladimir"]
[Black "Khenkin, Igor"]
[Result "1/2-1/2"]
[WhiteElo "2540"]
[BlackElo "2585"]

1.d4 d5 2.c4 c6 3.Nf3 dxc4 4.e3 Be6 5.Qc2 b5 6.a4 Nf6 7.Nc3 b4 8.Nb1 b3 9.Qd1 Na6
10.Na3 Nb4 11.Bd2 Nd3+ 12.Bxd3 cxd3 13.O-O Bd5 14.Ne5 e6 15.Nxd3 Be7 16.f3 O-O
17.Re1 Qb6 18.e4 Bc4 19.Nc5 Bxc5 20.dxc5 Qa6 21.Bg5 Rfd8 22.Qc1 Bd3 23.e5 h6
24.exf6 hxg5 25.Qxg5 Bg6 26.fxg7 Kxg7 27.Rac1 Rd5 28.Qe3 Qd3 29.Rc3 Qxe3+
30.Rexe3 Rad8 31.Rxb3 Rxc5 32.Rbc3 Rxc3 33.Rxc3 Rd1+ 34.Kf2 Rd2+ 35.Kg3 Rxb2  1/2-1/2

[Event "Hollabrunn opJ"]
[Site "Hollabrunn"]
[Date "1998.??.??"]
[Round "9"]
[White "Filip, Lucian"]
[Black "Starostits, Andris"]
[Result "0-1"]
[WhiteElo "2110"]
[BlackElo "2140"]

1.d4 d5 2.c4 c6 3.Nf3 Nf6 4.Qb3 dxc4 5.Qxc4 Bf5 6.g3 e6 7.Bg2 Be7 8.O-O Ne4
9.Nc3 Nxc3 10.bxc3 Be4 11.Qb3 Qb6 12.Ba3 Nd7 13.Bxe7 Qxb3 14.axb3 Kxe7 15.Ra5 a6
16.Rfa1 Rac8 17.Ne5 Bxg2 18.Nxd7 Kxd7 19.Kxg2 Rhd8 20.f4 h6 21.Kf3 Kc7 22.e4 Rd7
23.h4 Kd6 24.g4 c5 25.Rd1 cxd4 26.Rxd4+ Ke7 27.Rxd7+ Kxd7 28.c4 Kc6 29.Ke3 Rd8
30.g5 h5 31.g6 fxg6 32.Rg5 Rd1 33.Rxg6 Rb1 34.Rxe6+ Kc5 35.Re5+ Kb4 36.Re7 b6
37.Rxg7 Kxb3 38.c5 b5 39.c6 Rc1 40.c7 a5 41.f5 a4 42.f6 a3 43.Rg2 Rxc7 44.e5 Kc3
45.e6 Rc6 46.Rc2+ Kxc2 47.e7 Re6+ 48.Kd4 a2 49.Kd5 Rxf6 50.e8=Q a1=Q 51.Qe2+ Kb3
52.Qxb5+ Kc3 53.Qc5+ Kd2  0-1

[Event "HUN-chT9899"]
[Site "HUN"]
[Date "1998.??.??"]
[Round "?"]
[White "Peter, Ambrus"]
[Black "Almasi, Istvan"]
[Result "1/2-1/2"]
[WhiteElo "2405"]
[BlackElo "2450"]

1.d4 d5 2.c4 c6 3.Nf3 dxc4 4.e3 Be6 5.a4 Nf6 6.Na3 g6 7.Nxc4 Bg7 8.Be2 O-O
9.O-O Ne4 10.Qc2 Qd5 11.b3 c5 12.Bd3 Bf5 13.Nh4 Nc6 14.Ba3 Rfd8 15.Rac1 b6
16.Nxf5 gxf5 17.f3 Nf6 18.Bxf5 e6 19.Bd3 Nxd4 20.Bxh7+ Nxh7 21.exd4 Qxd4+
22.Kh1  1/2-1/2

[Event "HUN-chT29899"]
[Site "HUN"]
[Date "1998.??.??"]
[Round "?"]
[White "Juhasz, Bela"]
[Black "Papista, Akos"]
[Result "0-1"]
[WhiteElo "2220"]
[BlackElo "2180"]

1.d4 d5 2.Nf3 c6 3.c4 dxc4 4.Nc3 e6 5.a4 Bb4 6.e3 b5 7.Ne5 Nf6 8.Be2 Nd5
9.Qc2 O-O 10.O-O f6 11.Nf3 Nxc3 12.bxc3 Be7 13.e4 Bb7 14.Be3 Qc7 15.Nd2 f5
16.exf5 exf5 17.Nf3 Nd7 18.Rfe1 a6 19.Bg5 Bd6 20.h3 h6 21.Bd2 Nb6 22.Nh4 Qf7
23.axb5 cxb5 24.Bf3 Nd5 25.g3 g5 26.Ng2 g4 27.hxg4 fxg4 28.Bxd5 Bxd5 29.Nf4 Kg7
30.Nxd5 Qxf2+ 31.Kh1 Qf3+  0-1

[Event "HUN-chT29899"]
[Site "HUN"]
[Date "1998.??.??"]
[Round "?"]
[White "Ladanyi, Tibor"]
[Black "Dovzik, Juri"]
[Result "0-1"]
[WhiteElo "2215"]
[BlackElo "2375"]

1.d4 d5 2.c4 c6 3.Nf3 Nf6 4.Qc2 g6 5.Bf4 Bg7 6.e3 O-O 7.Nc3 a6 8.Bd3 Nh5
9.Bxb8 Rxb8 10.cxd5 cxd5 11.Qb3 Be6 12.a4 Qd6 13.Qa3 Rfd8 14.O-O Bg4 15.Qxd6 Rxd6
16.Ne5 Be6 17.a5 f6 18.Nxg6 hxg6 19.Bxg6 Bf7 20.Bxf7+ Kxf7 21.g4 Rh8 22.gxh5 e5
23.Na4 exd4 24.exd4 Rxh5 25.Ra3 f5 26.Rd1 Rg6+ 27.Rg3 Rh4 28.Rc1 Bxd4 29.Rc7+ Kf6
30.Rxb7 Rf4 31.Rxg6+ Kxg6 32.Nc3 Rxf2 33.Kh1 f4 34.Rd7 f3 35.h4 Rf1+ 36.Kh2 Be5+
37.Kh3 Rh1+ 38.Kg4 f2 39.h5+ Rxh5  0-1

[Event "HUN-chT29899"]
[Site "HUN"]
[Date "1998.??.??"]
[Round "?"]
[White "Mincsovics, Miklos"]
[Black "Sinka, Istvan"]
[Result "0-1"]
[WhiteElo "2135"]
[BlackElo "2335"]

1.d4 d5 2.c4 c6 3.Nf3 Nf6 4.Qc2 g6 5.Bf4 dxc4 6.Qxc4 Bg7 7.g3 O-O 8.Bg2 Qb6
9.Qc1 Nd5 10.Be5 f6 11.Bxb8 Rxb8 12.O-O Be6 13.Nc3 Qa6 14.Qd2 Rbd8 15.Ne4 Qb6
16.Nc5 Bf7 17.e4 Nc7 18.Qc2 Na6 19.Na4 Qb5 20.Nc3 Qc4 21.Rfd1 Qe6 22.Qa4 Qg4
23.h3 Qc8 24.Kh2 Qc7 25.d5 cxd5 26.Nxd5 Bxd5 27.exd5 Qb6 28.Nd4 Nc5 29.Qa3 f5
30.Rac1 Bxd4 31.Rxd4 Ne4 32.Qb4 Qf6 33.Rc2 a5 34.Qc4 Rc8 35.Qxc8 Rxc8 36.Rxc8+ Kg7
37.Rdc4 Nd6 38.b3 Nxc8 39.Rxc8 Qd4 40.Rc7 Kf6 41.f4 b5 42.Rc6+ Kf7 43.Rc2 Qd3
44.Rf2 Kf6 45.Bf3 a4 46.bxa4 bxa4 47.Kg2 Kf7 48.Re2 Qd4 49.h4 a3 50.Re6 Qb4
51.Re2 Ke8 52.Re6 Kd7 53.Kf2 Qb2+ 54.Re2 Kd6 55.Kf1 Kc5 56.Kf2 Kd4 57.Kf1 Kd3
58.Kf2 Qc1 59.Kg2 Qc5 60.Kf1 Qc7 61.Kf2 Qa7+ 62.Kf1 h6 63.Re6 Qb8 64.Kf2 Qb2+
65.Re2 Qc1 66.Re1 Qc5+ 67.Kg2 Qc2+ 68.Kh3 Qf2 69.Rd1+ Kc2 70.d6 Qxf3 71.dxe7 Qxd1  0-1

[Event "HUN-chT9899"]
[Site "HUN"]
[Date "1998.??.??"]
[Round "?"]
[White "Gross, Stefan"]
[Black "Gemesi, Andras"]
[Result "1-0"]
[WhiteElo "2330"]
[BlackElo "2200"]

1.d4 d5 2.c4 c6 3.Nf3 Nf6 4.Qb3 Qb6 5.Nc3 Qxb3 6.axb3 Na6 7.Bg5 Nb4 8.Ra4 a5
9.e3 Bf5 10.Kd2 e6 11.Be2 Ne4+ 12.Nxe4 Bxe4 13.c5 Be7 14.Bf4 Bd8 15.Rha1 Rc8
16.Bd6 f6 17.Ne1 Kd7 18.f3 Bg6 19.Bg3 Re8 20.Nd3 Bxd3 21.Bxd3 g6 22.h4 e5
23.h5 Nxd3 24.Kxd3 e4+ 25.Ke2 gxh5 26.Rh1 Rg8 27.Kf2 b5 28.Raa1 Rg7 29.Rxh5 Ke6
30.Rah1 Bc7 31.Bxc7 Rcxc7 32.fxe4 dxe4 33.R1h4 f5 34.Rh6+ Rg6 35.Rxh7 Rxh7
36.Rxh7 Kf6 37.Rd7 Kg5 38.Rd6 Rxd6 39.cxd6 Kf6 40.Kg3 Ke6 41.Kf4 Kxd6 42.Kxf5  1-0

[Event "HUN-chT 9798"]
[Site "Hungary"]
[Date "1998.??.??"]
[Round "?"]
[White "Kerek, Csaba"]
[Black "Sulyok, Sandor"]
[Result "1-0"]
[WhiteElo "2200"]
[BlackElo "2310"]

1.d4 d5 2.Nf3 Nf6 3.c4 c6 4.g3 Bf5 5.Bg2 e6 6.O-O Bd6 7.b3 Nbd7 8.Nc3 Ne4
9.Bb2 h5 10.Nh4 Nxc3 11.Bxc3 Bh7 12.f4 Be7 13.Nf3 Be4 14.Qd2 f5 15.Bb4 a5
16.Bxe7 Qxe7 17.c5 Bxf3 18.exf3 h4 19.Rfe1 Kf7 20.g4 g6 21.h3 Nf6 22.Re5 Qc7
23.Rae1 Rae8 24.Qe3 Qd7 25.Bf1 Re7 26.Bd3 Rhe8 27.Qf2 Rh8 28.gxf5 gxf5 29.Bxf5 Rg8+
30.Kh2 Rge8 31.Bg4  1-0

[Event "ISL-chT 9798"]
[Site "Iceland"]
[Date "1998.??.??"]
[Round "?"]
[White "Thorsteinsson, Thorsteinn"]
[Black "Gretarsson, Helgi Ass"]
[Result "0-1"]
[WhiteElo "2300"]
[BlackElo "2470"]

1.d4 d5 2.c4 c6 3.Nf3 Nf6 4.Nbd2 Bf5 5.g3 h6 6.Bg2 e6 7.O-O Be7 8.b3 a5 9.Bb2 O-O
10.Ne5 a4 11.Bc3 Na6 12.c5 Ne8 13.bxa4 f6 14.Nef3 b6 15.cxb6 Qxb6 16.e4 dxe4
17.Nc4 Qa7 18.Nfd2 Nec7 19.Nxe4 Nb4 20.a3 Nbd5 21.Ba5 Rfd8 22.Qd2 Rd7 23.Rab1 Ne8
24.Rb3 Rb8 25.Rfb1 Rxb3 26.Rxb3 Ndc7 27.Rd3 Qa6 28.Qc3 Nd5 29.Qc2 Rb7 30.Bd2 Ra7
31.a5 Rb7 32.a4 Bb4 33.h3 Nec7 34.g4 Bg6 35.Rg3 Kh7 36.f4 Bxd2 37.Qxd2 Qxc4  0-1

[Event "MK Cafe Cup-B"]
[Site "Koszalin"]
[Date "1998.??.??"]
[Round "6"]
[White "Jurkiewicz, Krzystof2"]
[Black "Ilczuk, Piotr"]
[Result "0-1"]
[WhiteElo "2160"]
[BlackElo "2280"]

1.d4 d5 2.c4 c6 3.Nf3 Nf6 4.Qc2 g6 5.Bg5 Bg7 6.Nc3 dxc4 7.e4 b5 8.a4 b4 9.Bxf6 Bxf6
10.Ne2 Ba6 11.e5 Bg7 12.Ng3 Qd5 13.Rc1 Bh6 14.Rd1 Nd7 15.Be2 Nb6 16.Ra1 Qa5
17.O-O b3 18.Qe4 Rc8 19.Qh4 Bg7 20.Ne4 c3 21.Nxc3 Bxe2 22.Nxe2 c5 23.Rfc1 O-O
24.Qxe7 cxd4 25.Nexd4 Rxc1+ 26.Rxc1 Qxa4 27.h4 Re8 28.Qg5 Bxe5 29.Nxe5 Qxd4
30.Ng4 Nd7 31.Rc3 h5 32.Nh6+ Kf8 33.Re3 Qxb2 34.Nf5 Rxe3 35.Qh6+ Kg8 36.Nxe3 Qa1+
37.Kh2 b2 38.Qg5 b1=Q 39.Qd8+ Nf8  0-1